01075naa#a2200193#i#4500001001500000005001700015100004100032102000700073200026100080210016900341215001000510608006000520675010900580700002600689700006200715700002800777700005800805856001800863RU\\bibl\2017020260701143229.3##a20260630b2026####ek#y0rusy0150####ca##aRU1#aКОНЦЕПЦИЯ ЦИФРОВОГО ДВОЙНИКА ЛЕСНОГО УЧАСТКА: ОТ СБОРА IOT-ДАННЫХ К КОГНИТИВНЫМ МОДЕЛЯМ ДЛЯ УПРАВЛЕНИЯ РЕСУРСАМИeСтатья/тезисы конференции1#aВоронежcВоронежский государственный лесотехнический университет имени Г.Ф. Морозоваd2026##a8 с.##aСтатья/тезисы конференции2local##aПрикладные информационные (компьютерные) технологии. 004.9#1aГоловаgЕ. А.#1aАнцифероваgВалентина Ивановна#1aМазуровgА. А.#1aЯгодкинgАлександр Сергеевич4#abibl.vgltu.ru